100 Biggest Cities of North America in 1850 with a Map - Statistics

General Stats
  • This quiz has been taken 13 times
  • The average score is 69 of 100
Answers on the Map
Answers color-coded by a green-red scale on the quiz's map according to % correct below.
 
Answer Stats
Population Cities % Correct
137,000 Boston
100%
30,000 Chicago
100%
21,000 Detroit
100%
515,000 New York
100%
121,000 Philadelphia
100%
21,000 San Francisco
100%
40,000 Washington
100%
169,000 Baltimore
92%
42,000 Buffalo
92%
115,000 Cincinnati
92%
17,000 Cleveland
92%
18,000 Columbus
92%
63,000 Guadalajara
92%
160,000 Havana
92%
40,000 Kingston
92%
170,000 Mexico City
92%
20,000 Milwaukee
92%
14,000 Monterrey
92%
57,000 Montreal
92%
116,000 New Orleans
92%
46,000 Pittsburgh
92%
21,000 Port-au-Prince
92%
41,000 Providence
92%
42,000 Quebec
92%
36,000 Rochester
92%
31,000 Toronto
92%
51,000 Albany
85%
97,000 Brooklyn
85%
37,000 Guatemala City
85%
21,000 Halifax
85%
14,000 Hamilton
85%
13,000 Hartford
85%
43,000 Louisville
85%
18,000 Panama City
85%
21,000 Portland
85%
27,000 Richmond
85%
13,000 San Juan
85%
15,000 San Salvador
85%
12,000 Santo Domingo
85%
15,000 Savannah
85%
78,000 St. Louis
85%
22,000 Syracuse
85%
43,000 Charleston
77%
17,000 Charlestown
77%
14,000 Chihuahua
77%
14,000 Manchester
77%
20,000 Mérida
77%
20,000 Mobile
77%
39,000 Newark
77%
20,000 New Haven
77%
14,000 Norfolk
77%
64,000 Puebla
77%
20,000 Aguascalientes
69%
21,000 Allegheny
69%
14,000 Bangor
69%
20,000 Bridgetown
69%
15,000 Cambridge
69%
18,000 Port of Spain
69%
23,000 Saint John
69%
35,000 Santiago de Cuba
69%
29,000 Troy
69%
17,000 Worcester
69%
12,000 Lancaster
62%
33,000 Lowell
62%
14,000 Lynn
62%
12,000 Managua
62%
16,000 New Bedford
62%
25,000 Oaxaca
62%
14,000 Petersburg
62%
16,000 Reading
62%
20,000 Salem
62%
17,000 Utica
62%
14,000 Wilmington
62%
22,000 Durango
54%
30,000 León
54%
32,000 León de los Aldama
54%
47,000 Northern Liberties
54%
12,000 Toluca
54%
25,000 Zacatecas
54%
35,000 Puerto Principe
46%
29,000 Querétaro
46%
15,000 Campeche
38%
32,000 Colima
38%
25,000 Morelia
38%
18,000 Roxbury
38%
39,000 Southwark
38%
49,000 Guanajuato
31%
47,000 Kensington
31%
12,000 Oswego
31%
20,000 Saltillo
31%
27,000 Moyamensing
23%
16,000 Pointe-à-Pitre
23%
20,000 Quetzaltenango
23%
18,000 Saint-Pierre
23%
12,000 Sancti Spíritus
23%
59,000 Spring Garden
23%
31,000 Williamsburgh
23%
14,000 Lafayette
15%
25,000 Matanzas
15%
15,000 Masaya
8%
No matching quizzes found
Score Distribution
Percent of People with Each Score
Percentile by Number Answered
Your Score History
You have not taken this quiz